Science Fiction Cinema and 1950s Britain (Record no. 96437)
[ view plain ]
| 000 -LEADER | |
|---|---|
| fixed length control field | 01712nam a2200241Ii 4500 |
| 008 - FIXED-LENGTH DATA ELEMENTS--GENERAL INFORMATION | |
| fixed length control field | 221202s xx 000 0 und d |
| 100 1# - MAIN ENTRY--PERSONAL NAME | |
| Personal name | Jones, Matthew, |
| Relator term | author |
| 245 #0 - TITLE STATEMENT | |
| Title | Science Fiction Cinema and 1950s Britain |
| 246 ## - VARYING FORM OF TITLE | |
| Title proper/short title | Recontextualising the Golden Age |
| 264 #1 - PRODUCTION, PUBLICATION, DISTRIBUTION, MANUFACTURE, AND COPYRIGHT NOTICE | |
| Place of production, publication, distribution, manufacture | New York, London |
| Name of producer, publisher, distributor, manufacturer | Bloomsbury Academic |
| Date of production, publication, distribution, manufacture, or copyright notice | 2017 |
| 300 ## - PHYSICAL DESCRIPTION | |
| Extent | 1 online resource |
| 336 ## - CONTENT TYPE | |
| Content type term | text |
| Content type code | txt |
| Source | rdacontent |
| 337 ## - MEDIA TYPE | |
| Media type term | computer |
| Media type code | c |
| Source | rdamedia |
| 338 ## - CARRIER TYPE | |
| Carrier type term | online resource |
| Carrier type code | cr |
| Source | rdacarrier |
| 520 ## - SUMMARY, ETC. | |
| Summary, etc. | For the last fifty years, discussion of 1950s science fiction cinema has been dominated by the view that the genre reflected US paranoia about Soviet brainwashing and the nuclear bomb. However, classic films, such as Invasion of the Body Snatchers (1956) and It Came from Outer Space (1953), were regularly exported to countries across the world. The histories of their encounters with foreign audiences have not yet been told. Science Fiction Cinema and 1950s Britain begins this task by recounting the story of 1950s British cinema-goers and the aliens and monsters they watched on the silver screen. Drawing on extensive archival research, Matthew Jones makes an exciting and important intervention in the field by locating 1950s American science fiction films alongside their domestic counterparts in their British contexts of release and reception. |
| 653 ## - INDEX TERM--UNCONTROLLED | |
| Uncontrolled term | Media & Communications |
| 653 ## - INDEX TERM--UNCONTROLLED | |
| Uncontrolled term | Media Studies |
| 653 ## - INDEX TERM--UNCONTROLLED | |
| Uncontrolled term | Nuclear Technology |
| 653 ## - INDEX TERM--UNCONTROLLED | |
| Uncontrolled term | Science Fiction |
| 653 ## - INDEX TERM--UNCONTROLLED | |
| Uncontrolled term | Science Fiction Film |
| 856 ## - ELECTRONIC LOCATION AND ACCESS | |
| Uniform Resource Identifier | <a href="https://docs.google.com/spreadsheets/d/1yKIrdCPDAG_9c22mwoOIO2DOhtj65Wqa/edit?usp=sharing&ouid=106555315294820607512&rtpof=true&sd=true ">https://docs.google.com/spreadsheets/d/1yKIrdCPDAG_9c22mwoOIO2DOhtj65Wqa/edit?usp=sharing&ouid=106555315294820607512&rtpof=true&sd=true </a> |
| Link text | List of Curated E-Books |
| 942 ## - ADDED ENTRY ELEMENTS (KOHA) | |
| Koha item type | E-Book |
No items available.